00499nam a2200181 a 4500001001300000003000900013005001700022008004100039020001400080082001600094245006400110260003800174300000800212500003500220505001000255650002400265710002800289nice12345678IN_TiNIC20260116014007.0050524s1996 cala grp 000 0 eng  ac2482.3500a303.69bCOM aTraining Middle School Conflict Managersb Revised Edition. aCaliforniabCommunity Boardc1996 a82p aincludes index and biblioraphy2 aIndex aConflict Resolution2 aCommunity Board Program